000 01170nam2a2200241 4500
001 rc\2911220
005 20260315054239.0
035 _a(NLR Aleph) 007061945
090 _a13593331
_c13593331
100 _a20110807d1933 u y0rusy50 ca
101 0 _arus
102 _aRU
105 _aa z |||||
200 1 _aIII год обучения
_fРед. М. Самусь
210 _d1933
215 _aОбл., 104 с.
_cил.
461 0 _1001rc\2911219
_12001#$aУчебник по русскому языку для начальной школы с украинским языком преподавания$fМ.Н. Езерский, А.П. Феоктистов$vЧ. 1
_1700#1$aЕзерский$bМ.Н.$gМеер Натанович
_96294228
_aЕзерский, М.Н.
_cХарьков
_d1933
_fМ.Н. Езерский, А.П. Феоктистов
_nДВОУ
_tУчебник по русскому языку для начальной школы с украинским языком преподавания
_vЧ. 1
702 1 _aСамусь
_bМ.
_4340
801 0 _aRU
_bNLR
_gpsbo
801 1 _aRU
_bELAR
_2rusmarc
852 _aNLR
_j33-17/338(1)
942 _cUNSPEC
980 _aNB